000 00399nam a2200169Ia 4500
100 _aCeri/ Stefano
650 _aDistributed systems
942 _cBK
366 _f25
654 _adistributed database
245 _aDistributed systems:Concepts and design
260 _bTata Mc Graw hill Ltd.
_aNew Delhi
_c1984
082 _a5.758
_bCER
300 _a391
546 _aENGLISH
999 _c30009
_d30009